Maya Pandit
Hunter B
Categories
RMP - Greco-Roman Mythology | 1 | 1 | 0 | 0 | 25 | 53 | 80.00 | 0 | 0 |
Literature - British | 0 | 2 | 0 | 0 | 20 | 125 | 131.50 | 0 | 0 |
Science - Physics | 0 | 1 | 0 | 0 | 10 | 126 | 126.00 | 0 | 0 |
History - American | 0 | 1 | 0 | 0 | 10 | 131 | 131.00 | 0 | 0 |
RMP - East Asian Religion | 0 | 1 | 0 | 0 | 10 | 115 | 115.00 | 0 | 0 |
RMP - Hinduism | 0 | 1 | 0 | 0 | 10 | 85 | 85.00 | 0 | 0 |
RMP - World Mythology | 0 | 1 | 0 | 0 | 10 | 117 | 117.00 | 0 | 0 |
Current Events - World | 0 | 1 | 0 | 0 | 10 | 124 | 124.00 | 0 | 0 |
History - European | 0 | 0 | 0 | 0 | 0 | 0.00 | 0 | 0 | |
History - World | 0 | 0 | 0 | 0 | 0 | 0.00 | 0 | 0 | |
Geography - Europe | 0 | 0 | 0 | 0 | 0 | 0.00 | 0 | 0 | |
Fine Arts - Painting | 0 | 0 | 0 | 0 | 0 | 0.00 | 0 | 0 |